00322nam a2200121Ia 4500008004100000041000800041082001500049100001700064245004500081260003200126300003100158365001100189240624s9999 xx 000 0 und d aeng a338.95 STU aSTUDWELL JOE aASIAN GODFATHERS MONEY AND POWER IN HONG c2008aNew DelhibViva Books axxx, : 328 : p. : cm. ; 22 cRSb33